Taylor Swift 49 - Statistics

General Stats
  • This quiz has been taken 13 times
  • The average score is 344 of 413
Answer Stats
Answer % Correct
a
100%
he
100%
I
100%
in
100%
me
100%
of
100%
on
100%
the
100%
to
100%
too
100%
when
100%
you
100%
and
92%
do
92%
love
92%
man
92%
out
92%
then
92%
want
92%
was
92%
we're
92%
all
83%
as
83%
but
83%
by
83%
can
83%
'cause
83%
did
83%
don't
83%
first
83%
five
83%
girl
83%
good
83%
have
83%
kind
83%
make
83%
my
83%
put
83%
remember
83%
say
83%
some
83%
their
83%
they
83%
think
83%
time
83%
your
83%
ask
75%
baby
75%
band
75%
basement
75%
been
75%
bejeweled
75%
believe
75%
best
75%
boy
75%
could
75%
didn't
75%
familiarity
75%
going
75%
got
75%
heard
75%
heart
75%
I'm
75%
it's
75%
I've
75%
little
75%
made
75%
meet
75%
nice
75%
only
75%
over
75%
place
75%
putting
75%
real
75%
room
75%
shimmer
75%
someone
75%
still
75%
tonight
75%
top
75%
up
75%
walk
75%
way
75%
what's
75%
whole
75%
works
75%
world
75%
you're
75%
aura's
67%
band
67%
became
67%
breeds
67%
change
67%
credit
67%
curve
67%
dancing
67%
diamonds
67%
diamond's
67%
extra
67%
eyes
67%
face
67%
gave
67%
gonna
67%
gotta
67%
graded
67%
guy
67%
high
67%
just
67%
land
67%
lessons
67%
line
67%
might
67%
mind
67%
miss
67%
moonstone
67%
night
67%
notice
67%
peace
67%
penthouse
67%
polish
67%
present
67%
reclaim
67%
sadness
67%
said
67%
shine
67%
shoes
67%
sky
67%
sparkling
67%
teach
67%
try
67%
wait
67%
walking
67%
contempt
58%
sapphire
58%
tears
58%
wait
50%
No matching quizzes found
Score Distribution
Percent of People with Each Score
Percentile by Number Answered
Your Score History
You have not taken this quiz